| 000 | 00726nam a22002297a 4500 | ||
|---|---|---|---|
| 003 | DO-SdBNP | ||
| 005 | 20170905115322.0 | ||
| 008 | 161010b2009 ck|| 00| 0 spa d | ||
| 020 | _a9789586773904 | ||
| 040 |
_aBPMSU _bspa _cBPMSU |
||
| 082 | 4 |
_aR 036 _bS959d |
|
| 245 | 0 | 0 |
_aSuper diccionario ilustrado color / _ceditor Gustavo de Elorza Martinez ; textos de María D. Mascasas |
| 260 |
_aBogotá : _bZamora Editores, _c2009 |
||
| 300 |
_a3 v. : _bil. : _c32 cm |
||
| 650 | 4 | _aENCICLOPEDIAS Y DICCIONARIOS ESPAÑOLES | |
| 700 | 1 | 2 | _aElorza Martinez, Gustavo de |
| 700 | 1 | 2 | _aMascasas, María D. |
| 910 | _aValidado. Control de calidad MFF | ||
| 942 |
_2ddc _cBK |
||
| 945 | _aInventariado, 2017/MFF | ||
| 956 | _adgarcia | ||
| 999 |
_c11502 _d11502 |
||